[Event "It (open) \"]
[Site "masterchessopen.com Chicago (USA)"]
[Round "3"]
[White "Harris W"]
[Black "Dlugy Maxim (USA)"]
[Result "0-1"]
[WhiteElo "2205"]
[BlackElo "2530"]

1.e4 c5 2.Nf3 d6 3.d4 cxd4 4.Nxd4 Nf6 5.Nc3 Nc6 6.Bg5 e6 7.Qd2 a6 8.O-O-O h6
9.Bh4 Nxe4 10.Qf4 Ng5 11.Nxc6 bxc6 12.Ne4 e5 13.Bxg5 hxg5 14.Qd2 d5 15.c4 Bf5
16.Nxg5 Be7 17.Nf3 e4 18.Qc2 Bg4 19.cxd5 cxd5 20.Qc6+ Kf8 21.Rxd5 Qc8 22.Ne5
Qxc6+ 23.Nxc6 Rc8 {#R} 0-1

[Event "Ch Czechoslovakia (corr.)"]
[Site "masterchessopen.com Czechoslovakia"]
[Round "0"]
[White "Chmiel Pavel (CZE)"]
[Black "Jandovsky Viktor (CZE)"]
[Result "0-1"]
[WhiteElo "2243"]
[BlackElo "2163"]

1.e4 c5 2.Nf3 Nc6 3.d4 cxd4 4.Nxd4 Nf6 5.Nc3 d6 6.Bg5 e6 7.Qd2 a6 8.O-O-O Be7
9.f4 Qc7 10.Be2 O-O 11.Kb1 Rd8 12.Bf3 Rb8 13.g4 Ne5 14.fxe5 dxe5 15.Qf2 Rxd4
16.Rxd4 exd4 17.Qxd4 h6 18.Be3 Nd7 19.Qd1 b5 20.h4 Nb6 21.g5 b4 22.Ne2 Nc4
23.Bc1 hxg5 24.hxg5 g6 25.Qe1 Na3+ 26.bxa3 bxa3+ 27.Ka1 Qxc2 28.Nc3 Bb4 29.Bb2
axb2# 0-1

[Event "Ch Latvia"]
[Site "masterchessopen.com Riga (Latvia)"]
[Round "0"]
[White "Lanka Zigurds (LAT)"]
[Black "Shirov Alexei (ESP)"]
[Result "0-1"]
[WhiteElo "2420"]
[BlackElo "2495"]

1.e4 c5 2.Nf3 d6 3.d4 cxd4 4.Nxd4 Nf6 5.Nc3 Nc6 6.Bg5 e6 7.Qd2 a6 8.O-O-O h6
9.Be3 Be7 10.f4 Bd7 11.Kb1 Rc8 12.Nf3 Qa5 13.Bd3 b5 14.h3 b4 15.Ne2 e5 16.g4
Be6 17.Nc1 exf4 18.Bxf4 Nd7 19.Nb3 Qa4 20.g5 hxg5 21.Bxg5 Rh5 22.Bxe7 Ra5
23.a3 bxa3 24.Nxa5 axb2 25.Nb3 Bxb3 26.cxb3 Qa1+ 27.Kc2 Nd4# 0-1

[Event "Ch Club URS (team) (1/2 final)"]
[Site "masterchessopen.com Roslavl (Russia)"]
[Round "0"]
[White "Milov Vadim (SUI)"]
[Black "Ivanov Alexander Al (RUS)"]
[Result "1-0"]
[WhiteElo "2651"]
[BlackElo "2448"]

1.e4 c5 2.Nf3 d6 3.d4 cxd4 4.Nxd4 Nf6 5.Nc3 Nc6 6.Bg5 e6 7.Qd2 a6 8.O-O-O Be7
9.Nb3 b5 10.Bxf6 gxf6 11.Ne2 Qb6 12.f4 a5 13.Nbd4 b4 14.Nxc6 Qxc6 15.Nd4 Qxe4
16.Be2 Qb7 17.Rhe1 Rb8 18.Bh5 e5 19.fxe5 dxe5 20.Qf2 Qc7 21.Nf5 Bxf5 22.Qxf5
Rb6 23.Rxe5 Rc6 24.Re3 Rc5 25.Qxf6 Rf8 26.Rde1 {#r} 1-0

[Event "Olympiad (corr.)"]
[Site "masterchessopen.com corr."]
[Round "0"]
[White "Bryson Douglas M (SCO)"]
[Black "Lanc Alois (SVK)"]
[Result "0-1"]
[WhiteElo "2350"]
[BlackElo "2465"]

1.e4 c5 2.Nf3 Nc6 3.d4 cxd4 4.Nxd4 Nf6 5.Nc3 d6 6.Bg5 e6 7.Qd2 a6 8.O-O-O h6
9.Be3 Be7 10.f4 Bd7 11.Be2 b5 12.Bf3 Rc8 13.Kb1 Na5 14.g4 Nc4 15.Qf2 Qc7
16.Rd3 b4 17.Nd1 e5 18.Nf5 Bxf5 19.gxf5 Nd7 20.Bg2 Bf6 21.Bh3 Qb7 22.Bg2 Qc7
23.Bh3 a5 24.Rg1 a4 25.Qe2 Qb7 26.fxe5 Ndxe5 27.Rd5 b3 28.cxb3 axb3 29.Bd4 Nf3
{#R} 0-1

[Event "It (open)"]
[Site "masterchessopen.com Muenster (Germany)"]
[Round "6"]
[White "Emunds Hans Georg (GER)"]
[Black "Sjoberg Mats (SWE)"]
[Result "0-1"]
[WhiteElo "2230"]
[BlackElo "2365"]

1.e4 c5 2.Nf3 Nc6 3.d4 cxd4 4.Nxd4 Nf6 5.Nc3 d6 6.Bg5 e6 7.Qd2 a6 8.O-O-O h6
9.Bf4 Bd7 10.Nxc6 Bxc6 11.f3 d5 12.Qe1 Bb4 13.Be5 Nxe4 14.h4 Nxc3 15.Bxc3 Bxc3
16.Qxc3 Qf6 17.Qc5 Qe7 18.Qe3 O-O 19.g4 e5 20.Rg1 d4 21.Rxd4 Qxh4 22.Qxe5 Qf2
{#R} 0-1

[Event "It (open) \"]
[Site "masterchessopen.com Budapest (Hungary)"]
[Round "5"]
[White "Szieberth Adam (HUN)"]
[Black "Teplitsky Yan (CAN)"]
[Result "0-1"]
[WhiteElo "2347"]
[BlackElo "2448"]

1.e4 c5 2.Nf3 d6 3.d4 cxd4 4.Nxd4 Nf6 5.Nc3 Nc6 6.Bg5 e6 7.Qd2 a6 8.O-O-O h6
9.Bf4 Bd7 10.Nxc6 Bxc6 11.f3 d5 12.Qe1 Be7 13.Be5 O-O 14.h4 Rc8 15.g4 Re8
16.Qg3 Nd7 17.exd5 Nxe5 18.dxc6 Qc7 19.f4 Nxc6 20.Bd3 Nb4 21.g5 Qa5 22.a3 Rxc3
23.bxc3 Na2+ 24.Kd2 Nxc3 25.Ke3 e5 26.fxe5 Nxd1+ 27.Rxd1 hxg5 28.hxg5 Bxg5+
{#R} 0-1

[Event "Memorial Angel Rodrigues (open)"]
[Site "masterchessopen.com Candas (Spain)"]
[Round "0"]
[White "Rodriguez Uria Julio Antonio (ESP)"]
[Black "Levin Felix (GER)"]
[Result "1-0"]
[WhiteElo "2272"]
[BlackElo "2475"]

1.e4 c5 2.Nf3 d6 3.d4 cxd4 4.Nxd4 Nf6 5.Nc3 Nc6 6.Bg5 e6 7.Qd2 a6 8.O-O-O h6
9.Bxf6 Qxf6 10.Nxc6 bxc6 11.f4 Qd8 12.Bc4 Be7 13.Kb1 O-O 14.g4 d5 15.Bb3 Bb7
16.h4 Qc7 17.f5 Rad8 18.g5 dxe4 19.Qg2 Rxd1+ 20.Rxd1 exf5 21.gxh6 Bf6 22.hxg7
Rd8 23.Rg1 Bd4 24.Qg6 Rd6 25.Bxf7+ Qxf7 26.Qxf7+ {#r} 1-0

[Event "It (open)"]
[Site "masterchessopen.com Saint Martin (France & Netherl)"]
[Round "0"]
[White "Bakus Michel (FRA)"]
[Black "Zaltsman Vitaly F (USA)"]
[Result "1-0"]
[WhiteElo "2176"]
[BlackElo "2445"]

1.e4 c5 2.Nf3 d6 3.d4 cxd4 4.Nxd4 Nf6 5.Nc3 Nc6 6.Bg5 e6 7.Qd2 a6 8.O-O-O h6
9.Be3 Nxd4 10.Bxd4 b5 11.f3 Qa5 12.Kb1 b4 13.Ne2 e5 14.Be3 Be6 15.Nc1 Be7
16.Bd3 O-O 17.g4 d5 18.g5 d4 19.Bxd4 exd4 20.gxf6 Bxf6 21.h4 Qc7 22.f4 Be7
23.Rdg1 f5 24.Qg2 Bc5 25.exf5 Bc8 26.f6 Ra7 27.Qd5+ {#r} 1-0

[Event "It (open) \"]
[Site "masterchessopen.com Berlin (Germany)"]
[Round "0"]
[White "Kruppa Yuri (UKR)"]
[Black "Krakops Maris (LAT)"]
[Result "1-0"]
[WhiteElo "2527"]
[BlackElo "2510"]

1.e4 c5 2.Nf3 d6 3.d4 cxd4 4.Nxd4 Nf6 5.Nc3 Nc6 6.Bg5 e6 7.Qd2 a6 8.O-O-O h6
9.Be3 Be7 10.f4 Bd7 11.Kb1 b5 12.Bd3 O-O 13.h3 Nxd4 14.Bxd4 Bc6 15.e5 dxe5
16.fxe5 Nd7 17.Ne4 Bxe4 18.Bxe4 Rc8 19.Qe2 Qc7 20.c3 Rcd8 21.h4 Rfe8 22.g4 Bf8
23.g5 h5 24.Qxh5 Bc5 25.Qe2 {#r} 1-0

[Event "Ch Yugoslavia (team)"]
[Site "masterchessopen.com Cetinje (Montenegro)"]
[Round "11"]
[White "Tseshkovsky Vitaly (RUS)"]
[Black "Nevednichy Vladislav (ROM)"]
[Result "1-0"]
[WhiteElo "2495"]
[BlackElo "2495"]

1.e4 c5 2.Nf3 d6 3.d4 cxd4 4.Nxd4 Nf6 5.Nc3 Nc6 6.Bg5 e6 7.Qd2 a6 8.O-O-O h6
9.Be3 Qc7 10.f4 Bd7 11.Kb1 b5 12.Bd3 Na5 13.e5 dxe5 14.fxe5 Qxe5 15.Nf5 exf5
16.Rhe1 Be6 17.Bb6 Qb8 18.Bxa5 Be7 19.Ne2 O-O 20.Nd4 Ne4 21.Bxe4 fxe4 22.Nc6
Bg5 23.Qxg5 hxg5 24.Nxb8 Rfxb8 25.Rxe4 Rc8 26.Rd2 Rc5 27.b3 Rac8 28.Kb2 Kh7
29.c3 Kg6 {#r} 1-0

[Event "Ch Russian Chess Club (1/2 final)"]
[Site "masterchessopen.com Cherepovets (Russia)"]
[Round "13"]
[White "Zaitsev Igor A (RUS)"]
[Black "Shchekachev Andrei (FRA)"]
[Result "0-1"]
[WhiteElo "2450"]
[BlackElo "2514"]

1.e4 c5 2.Nf3 d6 3.d4 cxd4 4.Nxd4 Nf6 5.Nc3 a6 6.Bg5 Nc6 7.Qd2 e6 8.Rd1 Bd7
9.Be2 Be7 10.O-O O-O 11.Nb3 b5 12.a3 Qc7 13.Bxf6 gxf6 14.Qh6 Kh8 15.Bxb5 axb5
16.Nxb5 Qb8 17.Nxd6 Ne5 18.f4 Ng4 19.Qh4 Bxd6 20.Qxg4 Bc6 21.Qh4 Be7 22.f5 Ra4
23.Nd4 Rxd4 24.Rxd4 Qa7 {#R} 0-1

[Event "It (open)"]
[Site "masterchessopen.com Douai (Hungary)"]
[Round "0"]
[White "Meijers Viesturs (LAT)"]
[Black "Lanka Zigurds (LAT)"]
[Result "0-1"]
[WhiteElo "2471"]
[BlackElo "2540"]

1.e4 c5 2.Nf3 Nc6 3.d4 cxd4 4.Nxd4 Nf6 5.Nc3 d6 6.Bg5 e6 7.Qd2 a6 8.O-O-O h6
9.Be3 Qc7 10.f3 Rb8 11.g4 Ne5 12.g5 hxg5 13.Bxg5 b5 14.a3 Be7 15.h4 Nc4 16.Qd3
Bd7 17.f4 Rc8 18.Rh3 Qb7 19.Nb3 a5 20.Nd2 Nxd2 21.Rxd2 b4 22.axb4 axb4 23.Bxf6
gxf6 24.Nb5 Ra8 25.Kb1 Kf8 26.c3 Bc6 27.Nxd6 Qa7 28.Kc1 Qg1 {#R} 0-1

[Event "It (open)"]
[Site "masterchessopen.com Espoo (Finland)"]
[Round "6"]
[White "Klovans Janis (LAT)"]
[Black "Kokkila Tero (FIN)"]
[Result "1-0"]
[WhiteElo "2440"]
[BlackElo "2330"]

1.e4 c5 2.Nf3 d6 3.d4 cxd4 4.Nxd4 Nf6 5.Nc3 Nc6 6.Bg5 e6 7.Qd2 a6 8.O-O-O h6
9.Be3 Be7 10.f3 Nxd4 11.Qxd4 O-O 12.g4 Nd7 13.Be2 b5 14.h4 e5 15.Qd2 Bxh4
16.g5 Bxg5 17.Rdg1 Nb6 18.Bxg5 hxg5 19.Rxg5 f6 20.Rg2 g5 21.f4 exf4 22.Rgh2
Rb8 23.Rh8+ Kf7 24.R1h7+ Ke6 25.Qd4 d5 26.Nxd5 Rxh8 27.Bg4+ Kd6 28.Nb4+ {#r}
1-0

[Event "Ch Hungary (team) 1992/93"]
[Site "masterchessopen.com Hungary"]
[Round "0"]
[White "Binder Tamas (HUN)"]
[Black "Csarmasz M"]
[Result "1-0"]
[WhiteElo "2277"]
[BlackElo "2015"]

1.e4 c5 2.Nf3 Nc6 3.d4 cxd4 4.Nxd4 Nf6 5.Nc3 d6 6.Bg5 e6 7.Qd2 a6 8.O-O-O h6
9.Bxf6 Qxf6 10.Nxc6 bxc6 11.f4 Qd8 12.Bc4 Be7 13.g4 O-O 14.Qg2 d5 15.exd5 cxd5
16.Nxd5 exd5 17.Bxd5 Rb8 18.Bxf7+ Rxf7 19.Rxd8+ Bxd8 20.Re1 Bd7 21.g5 Bc7
22.g6 Bxf4+ 23.Kb1 Rf6 24.Qd5+ Kh8 25.Qxd7 Rxg6 26.c4 Rg2 27.Re8+ Kh7 28.Qf5+
Rg6 29.Re6 {#r} 1-0

[Event "Ch Hungary (team) 1992/93"]
[Site "masterchessopen.com Hungary"]
[Round "0"]
[White "Biro Gyorgy (HUN)"]
[Black "Kadar Gabor (HUN)"]
[Result "0-1"]
[WhiteElo "2210"]
[BlackElo "2111"]

1.e4 c5 2.Nf3 Nc6 3.d4 cxd4 4.Nxd4 Nf6 5.Nc3 d6 6.Bg5 e6 7.Qd2 a6 8.O-O-O Be7
9.f4 h6 10.Bxf6 gxf6 11.f5 Qb6 12.fxe6 fxe6 13.Nxc6 bxc6 14.Be2 Rb8 15.b3 Qa5
16.h4 d5 17.exd5 cxd5 18.Qd3 Bd7 19.Bh5+ Kd8 20.Bf3 Rc8 21.Nxd5 exd5 22.Bxd5
Qxa2 23.Bc4 Ba3+ 24.Kd2 Re8 {#R} 0-1

[Event "It (open)"]
[Site "masterchessopen.com Paris (France)"]
[Round "2"]
[White "Boonekamp Maarten (FRA)"]
[Black "Chadal Olivier (FRA)"]
[Result "1-0"]
[WhiteElo "2012"]
[BlackElo "2126"]

1.e4 c5 2.Nf3 d6 3.d4 cxd4 4.Nxd4 Nf6 5.Nc3 Nc6 6.Bg5 e6 7.Qd2 a6 8.Be2 h6
9.Be3 Be7 10.f4 Qc7 11.O-O Bd7 12.Kh1 Rc8 13.Rad1 b5 14.f5 Nxd4 15.Qxd4 e5
16.Qd2 b4 17.Nd5 Nxd5 18.Qxd5 Bc6 19.Qc4 a5 20.Bh5 Bf6 21.Rxd6 Bxe4 22.Bxf7+
Kf8 23.Qe6 Qxc2 24.Rd2 Bxf5 25.Rxf5 Qc1+ 26.Bg1 Qxd2 27.Bc5+ {#r} 1-0

[Event "It (open)"]
[Site "masterchessopen.com Saint Martin (France & Netherl)"]
[Round "1"]
[White "Shabalov Alexander (USA)"]
[Black "Bacrot Etienne (FRA)"]
[Result "1-0"]
[WhiteElo "2590"]
[BlackElo "2705"]

1.e4 c5 2.Nf3 d6 3.d4 cxd4 4.Nxd4 Nf6 5.Nc3 Nc6 6.Bg5 e6 7.Qd2 a6 8.O-O-O h6
9.Be3 Qc7 10.f3 Rb8 11.g4 Ne5 12.h4 b5 13.Bd3 Nfd7 14.g5 Nxd3+ 15.Qxd3 Ne5
16.Qe2 Nc4 17.f4 b4 18.Nb1 e5 19.Nf5 h5 20.Nd2 Nxe3 21.Nxe3 exf4 22.Nd5 Qc6
23.Nf3 Bg4 24.e5 Bxf3 25.Qxf3 Rc8 26.Qe4 Qc4 27.Rd4 {#r} 1-0

[Event "It (open)"]
[Site "masterchessopen.com Ticino (Switzerland)"]
[Round "1"]
[White "Larghi Riccardo (ITA)"]
[Black "Kelecevic Nedeljko (SUI)"]
[Result "0-1"]
[WhiteElo "1894"]
[BlackElo "2229"]

1.e4 c5 2.Nf3 Nc6 3.d4 cxd4 4.Nxd4 Nf6 5.Nc3 d6 6.Bg5 e6 7.Qd2 a6 8.f4 h6
9.Bh4 Nxe4 10.Bxd8 Nxd2 11.Bb6 Nxf1 12.Nxc6 bxc6 13.Rxf1 c5 14.O-O-O Bb7
15.Rf2 Bc6 16.f5 Rc8 17.Re2 Ke7 18.Ne4 Bxe4 19.Rxe4 Kd7 20.c4 exf5 21.Re5 Kc6
22.Rxc5+ {#R} 0-1

[Event "Ch Croatia"]
[Site "masterchessopen.com Zagreb (Croatia)"]
[Round "6"]
[White "Mihalincic Tomislav (CRO)"]
[Black "Bertok Mario (CRO)"]
[Result "0-1"]
[WhiteElo "2249"]
[BlackElo "2282"]

1.e4 c5 2.Nf3 Nc6 3.d4 cxd4 4.Nxd4 Nf6 5.Nc3 d6 6.Bg5 e6 7.Qd2 a6 8.a4 h6
9.Bh4 Nxe4 10.Qf4 Nf6 11.Ne4 Qa5+ 12.b4 Qxb4+ 13.c3 Qb2 14.Nxf6+ gxf6 15.Rc1
e5 16.Qe3 Nxd4 17.cxd4 Qb4+ 18.Ke2 Be7 19.f4 Bg4+ 20.Kf2 exd4 21.Qe4 Qd2+
22.Be2 Bxe2 23.Qxe2 Qxf4+ 24.Qf3 Qxh4+ 25.g3 Qg5 26.Rce1 d5 27.h4 Qg6 28.Qxd5
Qc2+ 29.Re2 Qc6 {#R} 0-1

[Event "Ch Croatia"]
[Site "masterchessopen.com Zagreb (Croatia)"]
[Round "1"]
[White "Sevo Igor (CRO)"]
[Black "Jovanovic Sasa D (SRB)"]
[Result "0-1"]
[WhiteElo "2256"]
[BlackElo "2360"]

1.e4 c5 2.Nf3 Nc6 3.d4 cxd4 4.Nxd4 Nf6 5.Nc3 d6 6.Bg5 e6 7.Qd2 a6 8.O-O-O h6
9.Bxf6 Qxf6 10.Nxc6 bxc6 11.f4 Rb8 12.e5 dxe5 13.fxe5 Qg5 14.Qxg5 hxg5 15.Ne4
Be7 16.Nd6+ Bxd6 17.Rxd6 Bb7 18.b4 Rh4 19.c4 Re4 20.b5 axb5 21.cxb5 Rxe5 22.a4
Ke7 23.Rd2 Re1+ 24.Rd1 Rxd1+ 25.Kxd1 Ra8 26.Kc2 Rxa4 27.Kb3 Ra1 {#R} 0-1

[Event "It (open) \"]
[Site "masterchessopen.com Paris (France)"]
[Round "0"]
[White "Forget Cyril (FRA)"]
[Black "Badii Madjid (FRA)"]
[Result "0-1"]
[WhiteElo "1926"]
[BlackElo "2192"]

1.e4 c5 2.Nf3 Nc6 3.d4 cxd4 4.Nxd4 Nf6 5.Nc3 d6 6.Bg5 e6 7.Qd2 a6 8.f4 h6
9.Bxf6 Qxf6 10.Nb3 b5 11.O-O-O Be7 12.h4 O-O 13.g4 g5 14.hxg5 hxg5 15.f5 Qe5
16.Qg2 Bf6 17.Rd2 Rd8 18.Be2 b4 19.Nd1 a5 20.Rh3 a4 21.Na1 Bd7 22.Bc4 Na5
23.Qe2 Rdc8 24.Ba6 a3 25.Nb3 axb2+ 26.Kb1 Rxa6 27.Qxa6 Nc4 {#R} 0-1

[Event "It (open)"]
[Site "masterchessopen.com Gausdal (Norway)"]
[Round "2"]
[White "Marcus Hakan (SWE)"]
[Black "Nordahl Helge (NOR)"]
[Result "1-0"]
[WhiteElo "2160"]
[BlackElo "2245"]

1.e4 c5 2.Nf3 d6 3.d4 cxd4 4.Nxd4 Nf6 5.Nc3 a6 6.Bg5 Nc6 7.Qd2 e6 8.Be2 Be7
9.Nb3 b5 10.a3 O-O 11.O-O Qc7 12.f4 Bb7 13.Bf3 Rfd8 14.Qf2 Rac8 15.Rae1 b4
16.axb4 Nxb4 17.e5 Nfd5 18.Bxe7 Qxe7 19.f5 dxe5 20.Rxe5 Nxc3 21.Bxb7 Qxb7
22.bxc3 Qc7 23.Rc5 Qe7 24.cxb4 Rb8 25.Na5 Qg5 26.fxe6 Qg6 {#r} 1-0

[Event "It (open) (juniors) (under 16)"]
[Site "masterchessopen.com Hengelo (Netherlands)"]
[Round "3"]
[White "Smits Mark (NED)"]
[Black "Jacob Gunnar (GER)"]
[Result "1-0"]
[WhiteElo "2209"]
[BlackElo "2314"]

1.e4 c5 2.Nf3 d6 3.d4 cxd4 4.Nxd4 Nf6 5.Nc3 a6 6.Bg5 Nc6 7.Qd2 e6 8.O-O-O h6
9.Be3 Be7 10.f3 Qc7 11.g4 Nd7 12.g5 Nxd4 13.Qxd4 hxg5 14.Qd2 Ne5 15.Be2 f6
16.h4 gxh4 17.f4 Nc4 18.Bxc4 Qxc4 19.Qg2 Bf8 20.Qg6+ Ke7 21.e5 fxe5 22.fxe5 d5
23.Rhf1 Kd7 24.Nxd5 exd5 25.Rf7+ Kd8 26.Bg5+ Be7 27.Qd6+ {#r} 1-0

[Event "It (open)"]
[Site "masterchessopen.com Kstovo (Russia)"]
[Round "0"]
[White "Guliev Logman (AZE)"]
[Black "Galliamova Alisa (RUS)"]
[Result "1-0"]
[WhiteElo "2447"]
[BlackElo "2475"]

1.e4 c5 2.Nf3 Nc6 3.d4 cxd4 4.Nxd4 Nf6 5.Nc3 d6 6.Bg5 e6 7.Qd2 a6 8.O-O-O h6
9.Be3 Bd7 10.f3 b5 11.g4 Ne5 12.h4 { !? 12. ?d3 - Oll - Lerner, Podolsk 1993
12. g5 - Van Riemsdijk - Lobron, Manila 1990 } ( 12.Bd3 Qc7 13.Kb1 b4 14.Nce2
d5 15.exd5 Nxd5 16.Nf4 Nxf4 17.Bxf4 Bd6 { = } ) ( 12.g5 hxg5 13.Bxg5 Qc7
14.Kb1 b4 15.Nce2 Nc4 16.Qe1 Rc8 17.Nc1 a5 18.Bd3 Qc5 19.Qg1 a4 { ? } )
12...b4 13.Nb1 d5 14.Bf4 Qc7 15.Bh2 Bd6 16.exd5 Nxd5 17.Nf5 { ! } 17...Bc5
18.Qe2 { ? } 18...f6 19.f4 Nxg4 20.Rxd5 Nxh2 21.Nxg7+ Kf8 22.Rxd7 Qxd7
23.Nxe6+ Kf7 24.Nxc5 Qd4 25.Qc4+ Qxc4 26.Bxc4+ {#r} 1-0

[Event "Ch Colombia (1/2 final)"]
[Site "masterchessopen.com Barranquilla (Colombia)"]
[Round "3"]
[White "Mendoza Rafael (COL)"]
[Black "Escobar Forero Alder (COL)"]
[Result "0-1"]
[WhiteElo "2280"]
[BlackElo "2335"]

1.e4 c5 2.Nf3 Nc6 3.d4 cxd4 4.Nxd4 Nf6 5.Nc3 d6 6.Bg5 e6 7.Qd2 a6 8.O-O-O h6
9.Be3 Qc7 10.f3 Bd7 11.g4 b5 12.h4 Ne5 13.Bd3 b4 14.Nce2 d5 15.exd5 Nxd5
16.Kb1 Bc5 17.Bg1 Rb8 18.Rh3 a5 19.Rg3 Bd6 20.Ka1 Nxd3 21.cxd3 Bxg3 22.Nxg3
O-O 23.Nh5 a4 24.Bh2 Qc5 25.Bxb8 Rxb8 26.Ne2 Qf2 27.Nef4 Qxf3 28.g5 hxg5
29.Nxd5 Qxh5 {#R} 0-1

[Event "Ch Hungary (juniors) (under 16)"]
[Site "masterchessopen.com Greece"]
[Round "6"]
[White "Darmarakis Mihail (GRE)"]
[Black "Karabelas Vasilios (GRE)"]
[Result "1-0"]
[WhiteElo "2204"]
[BlackElo "2109"]

1.e4 c5 2.Nf3 d6 3.d4 cxd4 4.Nxd4 Nf6 5.Nc3 a6 6.Bg5 Nc6 7.Qd2 e6 8.O-O-O h6
9.Be3 Qc7 10.f4 Be7 11.Bd3 Bd7 12.Rhe1 O-O 13.h4 Ng4 14.Rg1 Nxe3 15.Qxe3 Bf6
16.e5 dxe5 17.Qe4 Rfe8 18.Qh7+ Kf8 19.Nf5 exf5 20.Nd5 g6 21.Nxc7 Ke7 22.Nd5+
{#r} 1-0

[Event "Ch Germany (juniors) (club) (under 20)"]
[Site "masterchessopen.com Leipzig (Germany)"]
[Round "4"]
[White "Haensel Thomas (GER)"]
[Black "Lindinger Markus (GER)"]
[Result "0-1"]
[WhiteElo "2050"]
[BlackElo "2302"]

1.e4 c5 2.Nf3 Nc6 3.d4 cxd4 4.Nxd4 Nf6 5.Nc3 d6 6.Bg5 e6 7.Qd2 a6 8.O-O-O h6
9.Bxf6 Qxf6 10.Kb1 Bd7 11.g3 Rc8 12.f4 Nxd4 13.Qxd4 Qxd4 14.Rxd4 Be7 15.Bg2
Bc6 16.Rhd1 g5 17.R4d2 gxf4 18.gxf4 Rg8 19.Bf3 b5 20.Ne2 Bb7 21.Nd4 Rc4 22.Bh5
Kf8 23.e5 dxe5 24.fxe5 Rg5 25.Nxe6+ fxe6 26.Rf2+ Rf5 {#R} 0-1

[Event "?"]
[Site "masterchessopen.com Nice (France)"]
[Round "0"]
[White "Mrdja Milan (CRO)"]
[Black "Lanka Zigurds (LAT)"]
[Result "0-1"]
[WhiteElo "2450"]
[BlackElo "2480"]

1.e4 c5 2.Nf3 Nc6 3.d4 cxd4 4.Nxd4 Nf6 5.Nc3 d6 6.Bg5 e6 7.Qd2 a6 8.O-O-O h6
9.Be3 Qc7 10.f4 Bd7 11.Kb1 b5 12.Bd3 Na5 13.Qe1 Nc4 14.Bc1 b4 15.Nce2 a5 16.h3
e5 17.Nf5 g6 18.Nxd6+ Bxd6 19.Bxc4 Qxc4 20.Rxd6 Be6 21.b3 Qc5 22.fxe5 Nxe4
23.Nf4 Nc3+ 24.Ka1 Bf5 25.Nd3 Bxd3 26.Rxd3 a4 27.Bb2 axb3 28.Bxc3 Rxa2+ 29.Kb1
Ra1+ {#R} 0-1

[Event "Ch World (juniors) (under 16)"]
[Site "masterchessopen.com Cala Galdana (Spain)"]
[Round "1"]
[White "Solak Dragan (SRB)"]
[Black "Andrade Leonardo (POR)"]
[Result "1-0"]
[WhiteElo "2435"]
[BlackElo "2240"]

1.e4 c5 2.Nf3 d6 3.d4 cxd4 4.Nxd4 Nf6 5.Nc3 Nc6 6.Bg5 e6 7.Qd2 a6 8.O-O-O h6
9.Be3 Be7 10.f3 O-O 11.h4 d5 12.g4 dxe4 13.g5 Nd5 14.gxh6 g6 15.Nxc6 bxc6
16.fxe4 Nxe3 17.Qxe3 Qa5 18.e5 Bb4 19.a3 Qc5 20.Qxc5 Bxc5 21.h5 Be3+ 22.Kb1 c5
23.Ne4 Bd4 24.Rxd4 cxd4 25.Nf6+ Kh8 26.Rg1 Ra7 27.Bd3 Bb7 28.Bxg6 Raa8 29.Bh7
{#r} 1-0

[Event "It (open)"]
[Site "masterchessopen.com Koszalin (Poland)"]
[Round "8"]
[White "Zimels Alexandr (UKR)"]
[Black "Sulskis Giedrius (LTU)"]
[Result "1-0"]
[WhiteElo "2053"]
[BlackElo "2095"]

1.e4 c5 2.Nf3 d6 3.d4 cxd4 4.Nxd4 Nc6 5.Nc3 Nf6 6.Bg5 e6 7.Qd2 a6 8.O-O-O h6
9.Bf4 Bd7 10.Nb3 Ne5 11.f3 Rc8 12.Be2 b5 13.g4 Nc4 14.Qe1 Qc7 15.Bxc4 bxc4
16.Nd2 e5 17.Be3 Rb8 18.h4 Be6 19.Qe2 Qb7 20.Nxc4 Bxc4 21.Qxc4 Qxb2+ 22.Kd2
Qb7 23.Rb1 Qa8 24.Rxb8+ Qxb8 25.Qc6+ Nd7 26.Rb1 Qd8 27.Bb6 Qb8 28.Bc7 {#r} 1-0

[Event "It (open)"]
[Site "masterchessopen.com Krakow (Poland)"]
[Round "3"]
[White "Ehrenfeucht Wojciech (POL)"]
[Black "Kusina Jan (POL)"]
[Result "1-0"]
[WhiteElo "2325"]
[BlackElo "2085"]

1.e4 c5 2.Nf3 Nc6 3.d4 cxd4 4.Nxd4 Nf6 5.Nc3 d6 6.Bg5 e6 7.Qd2 a6 8.O-O-O h6
9.Bf4 Bd7 10.Nb3 e5 11.Be3 Rc8 12.f3 Na5 13.Qf2 Nxb3+ 14.axb3 Bc6 15.Bb6 Qd7
16.Kb1 Be7 17.g4 Bd8 18.Be3 b5 19.h4 Qc7 20.Rh2 Rb8 21.g5 Ng8 22.f4 b4 23.Nd5
Bxd5 24.exd5 f6 25.Bd3 exf4 26.Bxf4 Be7 27.Re1 Kd8 28.Qg3 {#r} 1-0

[Event "It (cat.17)"]
[Site "masterchessopen.com Madrid (Spain)"]
[Round "2"]
[White "Illescas Cordoba Miguel (ESP)"]
[Black "Korchnoi Viktor (SUI)"]
[Result "1-0"]
[WhiteElo "2640"]
[BlackElo "2635"]

1.e4 c5 2.Nf3 d6 3.d4 cxd4 4.Nxd4 Nf6 5.Nc3 Nc6 6.Bg5 e6 7.Qd2 a6 8.O-O-O h6
9.Be3 Be7 10.f4 Bd7 11.Kb1 b5 12.Bd3 Qc7 13.h3 Nxd4 14.Bxd4 b4 15.Ne2 Bc6
16.Ng3 a5 17.Rhf1 O-O 18.e5 dxe5 19.fxe5 { a novelty 19. ?e5 - Smirin - A.
Greenfeld, Haifa 1995 } ( 19.Bxe5 Qb6 20.f5 Rad8 21.Qe2 Bd5 22.fxe6 Qxe6
23.Nf5 { ? } ) 19...Nd7 20.Qe3 Bg5 21.Qe2 Rae8 { ?! } 22.Nh5 g6 23.g3 { ! }
23...f5 ( 23...gxh5 24.h4 Be7 ( 24...Bd8 25.Qxh5 f5 26.Qg6+ Kh8 27.Qxh6+ Kg8
28.g4 { ? +?? } ) 25.Qxh5 Nc5 26.Bxc5 Bxc5 27.Qxh6 f5 28.exf6 Rf7 29.Rf4 { +??
} ) ( 23...Bd5 24.h4 Be7 25.Qg4 g5 26.Rf6 { ? +?? } ) 24.h4 Bd8 25.Nf4 Kh7
26.g4 Bxh4 27.Nxg6 { ! } {#r} 1-0

[Event "It (open)"]
[Site "masterchessopen.com Passau (Germany)"]
[Round "0"]
[White "Lanka Zigurds (LAT)"]
[Black "Wells Peter K (ENG)"]
[Result "1-0"]
[WhiteElo "2545"]
[BlackElo "2475"]

1.e4 c5 2.Nf3 Nc6 3.d4 cxd4 4.Nxd4 Nf6 5.Nc3 d6 6.Bg5 e6 7.Qd2 a6 8.O-O-O h6
9.Be3 Be7 10.f3 Nxd4 11.Bxd4 b5 12.Kb1 Rb8 13.Ba7 Rb7 14.Be3 Qc7 15.g4 b4
16.Ne2 d5 17.e5 Nd7 18.f4 a5 19.Nd4 Nc5 20.Bd3 a4 21.Rhf1 Rb6 22.f5 b3 23.fxe6
bxa2+ 24.Ka1 fxe6 25.Nb5 Qb8 26.Nd6+ Bxd6 27.exd6 a3 28.b3 Qxd6 29.Qc3 {#r}
1-0

[Event "It (open)"]
[Site "masterchessopen.com Pesc (Hungary)"]
[Round "4"]
[White "Kutuzovic Branko (CRO)"]
[Black "Szieberth Adam (HUN)"]
[Result "0-1"]
[WhiteElo "2375"]
[BlackElo "2300"]

1.e4 c5 2.Nf3 d6 3.d4 cxd4 4.Nxd4 Nf6 5.Nc3 Nc6 6.Bg5 e6 7.Qd2 a6 8.O-O-O h6
9.Be3 Be7 10.f3 Nxd4 11.Bxd4 b5 12.Kb1 O-O 13.Qf2 Qc7 14.Bd3 b4 15.Na4 e5
16.Be3 Be6 17.b3 d5 18.Nb6 Rad8 19.exd5 Nxd5 20.Nxd5 Rxd5 21.Bc1 a5 22.Rhe1 a4
23.Qe2 Ra5 24.Bb2 axb3 25.axb3 Rfa8 26.Bxe5 Rxe5 27.Qxe5 Bf6 28.Bh7+ Kh8 {#R}
0-1